000 00549nmm a2200181Ia 4500
008 251105s9999||||xx |||||||||||||||||und||
020 _a9788433974006
041 _aspa
100 _aFernández Anguita, Elena
245 0 _aLa dulce envenenadora
264 _a[Madrid, España] :
_bEditorial Anagrama,
_c[Fecha de publicación no identificada]
300 _a0 páginas
490 _aCompactos
700 _aFernández Anguita, Elena
700 1 _a Paasilinna, Arto
856 _uhttps://public.digitaliapublishing.com/a/161335
942 _cCF
999 _c65328
_d65328